000
00270nam a22001097a 4500
082
_a
621.37 SUE'M
100
_a
SWEEMEY, R. J
_9
80646
245
_a
MEASUREMENT TECHNIQUES IN MACHANICAL ENGINEERING
260
_a
NEWYORK
_b
JOHN WILEY
_c
1959
300
_a
309P
942
_c
BK
999
_c
585542
_d
585542